|
|
|
|
| LEADER |
00000nam0a2200000 4500 |
| 001 |
129411 |
| 005 |
20231031133307.0 |
| 010 |
|
|
|a 9785819203057
|
| 035 |
|
|
|a (RuTPU)RU\TPU\book\140071
|
| 090 |
|
|
|a 129411
|
| 100 |
|
|
|a 20080123d2007 k y0rusy50 ca
|
| 101 |
0 |
|
|a rus
|
| 102 |
|
|
|a RU
|
| 105 |
|
|
|a y z 001zy
|
| 200 |
1 |
|
|a Проблемы национального репертуара печати и сводных каталогов Российской Федерации
|e [монография]
|f Е. К. Соколинский
|g Российская национальная библиотека (РНБ)
|
| 210 |
|
|
|a СПб.
|c РНБ
|d 2007
|
| 215 |
|
|
|a 400 с.
|
| 320 |
|
|
|a Список литературы: с. 353-400.
|
| 330 |
|
|
|a Как реализуется в России идея репертуара русской книги? Что представляют собой сводные каталоги в форме электронных ресурсов? На эти и многие другие вопросы дает ответ монография Е. К. Соколинского. Автор хорошо знает практику подготовки современных каталогов, его книга насыщена конкретным материалом, интересными фактами. В исследовании анализируется сложная, многокомпонентная система репертуарных ресурсов. Е. К. Соколинский рисует библиотечно-библиографические процессы со всеми их противоречиями, без всякой идеализации. В его освещении научных, организационных, юридических проблем много моментов полемических, дискуссионных. В книге рассмотрены плюсы и минусы новых информационных технологий, деятельность старых (РКП, ГПНТБ) и недавно сформированных библиографических центров таких, как: ЛИБНЕТ, АРБИКОН, региональные консорциумы. Книга может быть полезна для библиографов, библиотекарей, студентов и преподавателей библиотечных вузов и широкого круга людей, занимающихся историей национальной культуры.
|
| 610 |
1 |
|
|a библиотеки
|
| 610 |
1 |
|
|a библиография
|
| 610 |
1 |
|
|a национальный репертуар печати
|
| 610 |
1 |
|
|a Российская Федерация
|
| 610 |
1 |
|
|a сводные каталоги
|
| 610 |
1 |
|
|a репертуар русской книги
|
| 610 |
1 |
|
|a история
|
| 610 |
1 |
|
|a электронные каталоги
|
| 610 |
1 |
|
|a электронные ресурсы
|
| 610 |
1 |
|
|a каталоги
|
| 610 |
1 |
|
|a информационные технологии
|
| 610 |
1 |
|
|a ЛИБНЕТ
|
| 610 |
1 |
|
|a АРБИКОН
|
| 610 |
1 |
|
|a консорциумы
|
| 610 |
1 |
|
|a Российская книжная палата
|
| 610 |
1 |
|
|a ГПНТБ
|
| 610 |
1 |
|
|a 20 век
|
| 686 |
|
|
|a Ч751
|v LBC/SL-A
|2 rubbk
|
| 686 |
|
|
|a Ч736.26
|v LBC/SL-A
|2 rubbk
|
| 686 |
|
|
|a Ч611.68
|v LBC/SL-A
|2 rubbk
|
| 700 |
|
1 |
|a Соколинский
|b Е. К.
|g Евгений Соколинский
|
| 712 |
0 |
2 |
|a Российская национальная библиотека (РНБ)
|c (Санкт-Петербург)
|2 stltpush
|3 (RuTPU)RU\TPU\col\146
|
| 801 |
|
1 |
|a RU
|b 63413507
|c 20080123
|g PSBO
|
| 801 |
|
2 |
|a RU
|b 63413507
|c 20081127
|g PSBO
|
| 942 |
|
|
|c BK
|
| 959 |
|
|
|a 4/20080123
|d 1
|e 120,00
|f РФ:1
|